Statystyki dla Największe europejskie miasta przyszłości

Kliknij tutaj aby rozwiązać quiz!

Ogólne statystyki

  • Ten quiz został rozwiązany 15 razy
  • Średni wynik to 9 z 10

Statystyki odpowiedzi

#MiastoPaństwo% Poprawnych
1LondynWielka Brytania
100%
5ParyżFrancja
100%
4WarszawaPolska
100%
8BerlinNiemcy
93%
2AmsterdamHolandia
87%
10BarcelonaHiszpania
87%
3DublinIrlandia
87%
7MadrytHiszpania
87%
9SztokholmSzwecja
80%
6MonachiumNiemcy
73%

Rozkład punktacji

Percentyl według liczby udzielonych odpowiedzi

Procent ludzi z każdym wynikiem

Twoja historia wyników

Nie rozwiązałeś tego quizu